LIBRARY & INFORMATION CENTRE, KCAET, TAVANUR

ONLINE PUBLIC ACCESS CATALOGUE (OPAC)

Normal view MARC view
  • Henderson, S. M.

Entry Personal Name

Number of records used in: 1

001 - CONTROL NUMBER

  • control field: 2111

003 - CONTROL NUMBER IDENTIFIER

  • control field: OSt

005 - DATE AND TIME OF LATEST TRANSACTION

  • control field: 20170928140823.0

008 - FIXED-LENGTH DATA ELEMENTS

  • fixed length control field: 170928|| aca||aabn | a|a d

040 ## - CATALOGING SOURCE

  • Original cataloging agency: OSt
  • Transcribing agency: OSt

100 ## - HEADING--PERSONAL NAME

  • Personal name: Henderson, S. M.
  • Fuller form of name: (Silas Milton),
  • Dates associated with a name: 1909-

670 ## - SOURCE DATA FOUND

  • Source citation: Work cat.: (OSt)0: Henderson, S. M. (Silas Milton), 1909-, Agricultural process engineering /, c1976.
free website counter